000
00342nam a2200157Ia 4500
100
_a
Taguchi/Genichi/ Choudhury/Subhir
650
_a
Taguchi
942
_c
BK
366
_f
20
245
_a
Mahalanobis-Taguchi system
260
_b
McGraw-Hill
_c
2001
082
_a
670
_b
TAG
300
_a
188
546
_a
ENGLISH
_c
Info.Tech
999
_c
33245
_d
33245